Gaming Quiz

Random Gaming or Video Games Quiz

Fortnite Locations: Real or Fake? Quiz Stats

 Plays Quiz Updated Aug 15, 2018

Support Sporcle.
Go Orange.
Score 0/20 Timer 03:00
5 Plays Today
% Correct
Junk Junction
93.5%
Loot Lake
93.2%
Dusty Divot
92.9%
Fatal Fields
92.4%
Greasy Grove
92.3%
Pleasant Park
92.3%
Salty Springs
92%
Haunted Hills
91.7%
Lonely Lodge
91.7%
Tilted Towers
91.6%
% Correct
Retail Row
91.5%
Lucky Landing
91.4%
Flush Factory
91.2%
Lazy Links
90.9%
Shifty Shafts
90.4%
Tomato Town
89.7%
Paradise Palms
89.1%
Snobby Shores
88.7%
Risky Reels
88.6%
Wailing Woods
87.8%

You're not logged in!

Compare scores with friends on all Sporcle quizzes.
OR
Log In

From the Vault

Books Missing 'N' Words

by kfastic

It'd be pretty challenging to write an entire book without starting a single word with the letter 'N' in it.
Remove Ads.
Support Sporcle.
Get the best of Sporcle when you Go Orange. This ad-free experience offers more features, more stats, and more fun while also helping to support Sporcle. Thank you for becoming a member.

Show Comments

Extras

Top Quizzes Today


Score Distribution

Your Account Isn't Verified!

In order to create a playlist on Sporcle, you need to verify the email address you used during registration. Go to your Sporcle Settings to finish the process.

Report this User

Report this user for behavior that violates our Community Guidelines.

Details: